Gems of English prose and poetry / (Record no. 95140)

MARC details
000 -LEADER
fixed length control field 00617nam a22002057a 4500
005 - DATE AND TIME OF LATEST TRANSACTION
control field 20150812130129.0
010 ## - LCCN (DPL NO)
LC control number ENG-113577
020 ## - INTERNATIONAL STANDARD BOOK NUMBER
Terms of availability 80.00
International Standard Book Number 9788125052036
035 ## - SYSTEM CONTROL NUMBER
System control number EN-97109
037 ## - SOURCE OF ACQUISITION
Source of stock number/acquisition DBAD/PUB
082 ## - DEWEY DECIMAL CLASSIFICATION NUMBER
Classification number 880
245 ## - TITLE STATEMENT
Title Gems of English prose and poetry /
Statement of responsibility, etc edited by Ashok Chaskar, Vijay Madge [and] Anand Kulkarni
260 ## - PUBLICATION, DISTRIBUTION, ETC. (IMPRINT)
Place of publication, distribution, etc New Delhi
Name of publisher, distributor, etc Orient Blackswan
Date of publication, distribution, etc 2013
270 ## - ADDRESS
Address 1/24 Asaf Ali Road
City New Delhi
Postal code 110002
300 ## - PHYSICAL DESCRIPTION
Extent viii,138p.
Dimensions 21cm(pbk)
700 ## - ADDED ENTRY--PERSONAL NAME
Personal name Chaskar, Ashok
700 ## - ADDED ENTRY--PERSONAL NAME
Personal name Madge, Vijay
700 ## - ADDED ENTRY--PERSONAL NAME
Personal name Kulkarni, Anand
942 ## - ADDED ENTRY ELEMENTS (KOHA)
Source of classification or shelving scheme Dewey Decimal Classification
Item type English Books
Call number suffix GEM
Classification part 880
Holdings
Withdrawn status Lost status Not for loan Collection code Home library Current library Date acquired Source of acquisition Cost, normal purchase price Full call number Barcode Copy number Cost, replacement price Koha item type
    Not For Loan Non-fiction D.B.Act.Division D.B.Act.Division 21/07/2015 DBAD/PUB 80.00 GEM EN-97109 1 80.00 English Books

© Delhi Public Library
Hit Counter
free hit counter